Arteterapia ako jedna z metód v práci s klientmi s poruchou autistického spektra

Bibliographic Details
Main Author: Prôčková Hirjáková, Antónia (Author)
Format: Article
Language:Slovak
ISBN:9788055714493
Subjects:

MARC

LEADER 00000naa a2200000 4500
001 vtls011917781
003 SK-MaSNL
005 20260302145109.0
008 200214|2018 xo | f|| |1|| ||slo
015 |a SNBRA 2015  |2 svkbbbg 
038 |a SVKBBBG 
040 |a SVKBBBG  |b slo  |c SVKBBBG  |e rda 
041 0 |a slo  |b eng 
044 |a xo  |c SK 
072 7 |a 615.8  |x Fyzioterapia. Psychoterapia. Alternatívna medicína  |2 konspekt  
080 |a 615.851:7.02  |2 2011 
080 |a 316.344.6-056.36  |2 2011 
100 1 |a Prôčková Hirjáková, Antónia  |4 aut  |9 836777 
245 1 0 |a Arteterapia ako jedna z metód v práci s klientmi s poruchou autistického spektra  |c Antónia Prôčková Hirjáková 
336 |a text  |b txt  |2 rdacontent 
337 |a bez média  |b n  |2 rdamedia 
338 |a zväzok  |b nc  |2 rdacarrier 
504 |a Bibliografia na strane 36 
546 |a Anglické resumé 
650 0 7 |a arteterapia  |2 SNKPH  |9 2426 
650 0 7 |a autisti  |2 SNKPH  |9 80020 
773 0 |t Svetlo a tieň : arteterapia v procese socializácie  |d Banská Bystrica : Belianum, 2018  |g S. 32-36  |z 9788055714493 
852 |a SVKBB  |b KIS3GCP 
958 |a NB 
999 |c 1352575  |d 1354505